Characters of Animes II Quiz Stats

 Plays Quiz not verified by Sporcle

Challenge
Share
Tweet
Score 0/20 Timer 10:00
0 Plays Today
Character Anime % Correct
RyukDeath Note
88.4%
Minato NamikazeNaruto
64.8%
Nico RobinOne Piece
62.4%
BelgiumHetalia
50.3%
Yoko LittnerTengen Toppa Gurren Lagann
35.5%
Yusuke UrameshiYu Yu Hakusho
32.8%
Tooru OikawaHaikyuu!!
24.7%
UgoMagi: The Labyrinth of Magic
22.6%
Kaede KayanoAnsatsu Kyoushitsu
22%
Muru MuruFuture Diary
19.9%
Character Anime % Correct
Sieg HartRave Master
15.6%
Sagara SanosukeRurouni Kenshin
12.6%
Ginji AmanoGetBackers
8.3%
Yusuke FujisakiSket Dance
7.5%
Mato KuroiBlack Rock Shooter
7%
Ayanami / Veloren07-Ghost
6.7%
Minatsuki TakamiDeadman Wonderland
6.5%
KĊsuke KiraBtooom!
6.2%
Clear NoteZatch Bell
5.6%
Huang Pao-LinTiger and Bunny
3.2%

You're not logged in!

Compare scores with friends on all Sporcle quizzes.
OR
Log In

You Might Also Like...

Show Comments

Extras

Top Quizzes Today


Score Distribution

Your Account Isn't Verified!

In order to create a playlist on Sporcle, you need to verify the email address you used during registration. Go to your Sporcle Settings to finish the process.

Report this User

Report this user for behavior that violates our Community Guidelines.

Details: